000 00555cam a2200181 4500500
005 20260329004255.0
041 _afre
042 _adc
100 1 0 _aEltchaninoff, Michel
_eauthor
245 0 0 _a“Comment devient-on misanthrope ?”
260 _c2019.
500 _a30
690 _aCharles Pépin
690 _aJalousie
690 _aMisanthropie
786 0 _nPhilosophie magazine | 129 | 5 | 2019-05-01 | p. 6-6 | 1951-1787
856 4 1 _uhttps://shs.cairn.info/magazine-philosophie-magazine-2019-5-page-6?lang=fr&redirect-ssocas=7080
999 _c1832375
_d1832375